000 00649nam a22001817a 4500
999 _c168670
_d168670
005 20191018164153.0
010 _aENG-126711
020 _a9789389552294
_c750.00
035 _aEN-110243
037 _bDBAD/PUB
082 _a000
100 _aBhardwaj, A.P.
245 _aLA and LR 2020 legal awareness and legal reasoning :
_cby Ajeet Jha
_blegal CLAT, AILET, SLAT and other law entrance examinations /
260 _aNoida
_bPearson India Education
_c2020
270 _a15th Floor, Towe-B, World Trade Tower, Plot No.1, Block-C, Sector-16
_bNoida
_e201301
300 _avarious paging
_c25cm(pbk)
942 _2ddc
_cEN
_h000
_mBHA